|
|
|
|
| LEADER |
00000nab a2200000 a 4500 |
| 001 |
vtls000573839 |
| 003 |
SK-MaSNL |
| 005 |
20260305014429.0 |
| 008 |
250425c1995 xo 0 slo |
| 015 |
|
|
|a SNBRB19rr/mm-uuuuu
|
| 035 |
|
|
|a CL0573977
|
| 035 |
|
|
|a urn:nbn:sk:snk-abakhz
|
| 035 |
|
|
|a (urnnbn)urn:nbn:sk:snk:ar-a0a0vi
|
| 035 |
|
|
|a (uuid)76190392-af9a-4a8e-a684-357b12c555b4
|
| 040 |
|
|
|a SNKBUCL
|b slo
|c SNKBUCL
|e AACR2
|
| 041 |
0 |
|
|a cze
|
| 044 |
|
|
|a xo
|c SK
|
| 080 |
|
|
|a 616.379-008.64-002.4
|2 1981
|
| 100 |
1 |
|
|a Záhumenský, Emil
|4 aut
|9 1592549
|
| 245 |
1 |
0 |
|a Nové aspekty farmakologické a obecňe protektivní péče o diabetickou nohu
|c Emil Záhumenský, Jaroslav Rybka, A. Adamíková
|
| 300 |
|
|
|b Tab. 3, res. angl., čes., lit. 29 zázn. v angl., češ.
|
| 650 |
0 |
7 |
|a diabetická noha
|2 snkbucl
|9 88617
|
| 650 |
0 |
7 |
|a farmakoterapia
|2 snkbucl
|9 14158
|
| 655 |
|
7 |
|a články z novín a časopisov
|2 snkbucl
|9 267496
|
| 700 |
1 |
|
|a Rybka, Jaroslav,
|d 1931-2018
|4 aut
|9 262316
|
| 700 |
1 |
|
|a Adamíková, Alena
|c (lekárka)
|4 aut
|9 165281
|
| 773 |
0 |
|
|t Vnitřní lékařství
|g Roč. 41, č. 8 (1995), s. 531-534
|x 0042-773X
|
| 850 |
|
|
|a Slovenská národná knižnica
|
| 852 |
|
|
|a Slovenská národná knižnica
|
| 954 |
|
|
|a odborná, vedecká literatúra cudzojazyčná (svetová)
|2 lita
|
| 958 |
|
|
|a article14
|
| 958 |
|
|
|a OND
|
| 958 |
|
|
|a RK
|
| 958 |
|
|
|a MI
|
| 958 |
|
|
|a NB
|
| 958 |
|
|
|a EUIPO
|
| 992 |
|
|
|a RBX
|
| 999 |
|
|
|c 3269549
|d 3271479
|